| 000 | 00976nam a2200229Ia 4500 | ||
|---|---|---|---|
| 999 |
_c42320 _d42320 |
||
| 001 | 9015 | ||
| 003 | GE_BSU | ||
| 005 | 20200228144507.0 | ||
| 008 | 181216s1951ge xx |||||||||||||| ||geo|| | ||
| 040 | _cGE_BSU | ||
| 041 | _ageo | ||
| 080 | _a821.353.1–32 კ–59 | ||
| 100 |
_aკლდიაშვილი, სერგო _97632 |
||
| 245 |
_aრჩეული პროზა : _bმოთხრობები / _cსერგო კლდიაშვილი ; რედ. ს.ჭილაია ; მხატვ: ც.შანშიაშვილი . |
||
| 264 |
_aთბილისი : _bსაბჭ.მწერალი, _c1951. |
||
| 300 |
_a526 გვ.: _c22 სმ. |
||
| 653 | _aპროზა | ||
| 653 | _aქართული ლიტერატურა | ||
| 700 |
_aჭილაია, ს _eრედაქტორი _94657 |
||
| 700 |
_aშანშიაშვილი, ც _eმხატვარი _97633 |
||
| 942 |
_cBK _2udc |
||